1119 1240 1380 1938 1116 1116 1730 1135 1055 1724 1421 1486 1724 1162 1755 1944 1173 1686 1678 1120 1377 1372 1845 1649 1874 1457 1941 1091 1371 1008 1647 2000 1136 1373 1309 1608 1730 1792 1488 1474 1814 1658 1875 1418 1003 1371 1379 1470 1056 1329 1336 1051 1917 1641 1284 1768 1046 1853 1174 1167 1698 1829 1910 1593 1142 1333 1860 1545 1227 1181 1300 1610 1374 1268 1734 1726 1975 1510 1854 1852 1025 1474 1569 1662 1204 1308 1792 1852 1381 1714 1555 1548 1994 1414 1161 1844 1451 1072 1336 BCNSPRNW ULIB Ver.6.0+V

เปลี่ยนเป็นภาษาไทย

Change to English
 แสดงรายละเอียดบรรณานุกรม
  กลับหน้าหลัก

Brief Record : Get Marc (ISO 2709) : E-mail record : QR code < ปิดหน้าต่าง
LEADER : 00000nam 2200000uu 4500
001    13399124392
003     ULIB
008    150604s2558||||th 000 0 tha d
099    วจ.BJ1533.H9^bว329ป
100 0  วริศา จันทรังสีวรกุล และจิราจัทร์ คณฑา
110 1  วิทยาลัยพยาบาลบรมราชชนนี สวรรค์ประชารักษ์ นครสวรรค์
245 00 ปัจจัยที่มีความสัมพันธ์กับจิตสาธารณะของนักศึกษาพยาบาล วิทยาลัยพยาบาลบรมราชชนนี สวรรค์ประชารักษ์ นครสวรรค์ ^cโดย วริศา จันทรังสีวรกุล และจิราจัทร์ คณฑา
260    นครสวรรค์:^bวิทยาลัยพยาบาลบรมราชชนนี สวรรค์ประชารักษ์ นครสวรรค์,^c2558
300    68 หน้า
650  0 จิตสาธารณะ^xวิจัย
650  0 จิตอาสา^xวิจัย
945    ^p0^l0^i039481
945    ^p0^l0^i000274
999    ^aเกษร โพธิ์สุวรรณ
รายการนี้ยังไม่มีแท็ก
คุณยังไม่ได้ล็อกอิน คุณสามารถมีกิจกรรมร่วมกับเว็บไซต์ได้ แต่ต้องล็อกอินก่อน ::
  ล็อกอิน

รายการสื่อสารสนเทศ

ลำดับที่ ประเภท เลขเรียก/บาร์โค้ด สถานที่ สถานะ
1. งานวิจัย
งานวิจัย
วจ.BJ1533.H9 ว329ป ฉ.1 
  Barcode: 039481
ห้องสมุดวิทยาเขตสวรรค์ประชารักษ์
►วิจัย
บนชั้น
2. งานวิจัย
งานวิจัย
วจ.BJ1533.H9 ว329ป ฉ.2 
  Barcode: 000274
ห้องสมุดวิทยาเขตสวรรค์ประชารักษ์
►วิจัย
บนชั้น

BibComment


ยังไม่เคยถูกคอมเมนท์

คอมเมนท์ทรัพยากรรายการนี้
  คอมเมนท์: ปัจจัยที่มีความสั..


 Copyright 2026. Bcnsprnw @Library